01355nam a2200253 a 450000100100000000500170001000800410002704000250006808200150009310000270010824500330013526001290016830000270029750000620032450400300038659000430041604900090045995201280046895201280059695201280072495201130085295201190096599900170108400002597420200930024209.0110225s2001 dr a 000 0 spa d aDO-SdBNPbspacBNPHU axxxbC824m1 aCorrea, Alberto95286810aMatefobia /cAlberto Correa. aSanto Domingo :bSecretaría de Estado de Educaión ;bSegundo Programa de Mejoramiento de la Educación Básica,c2001. a47 p. :bil. ;c22 cm. aIncluye datos biográficos del autor en la contraportada aBibliografía : p. 35-47 a1 ejemplar autografíado por el autor aBNPD 001054708DSaGRbGRcCTd2011-02-25iLF1l0oxxx C824mp25974-30r2020-06-25te. 3w2020-06-25yLFDSZPréstamo en sala 001054708DSaGRbGRcCTd2011-02-25iLF1l0oxxx C824mp25974-40r2020-06-25te. 4w2020-06-25yLFDSZPréstamo en sala 001054708DSaGRbGRcCTd2011-02-25iLF1l0oxxx C824mp25974-50r2020-06-25te. 5w2020-06-25yLFDSZPréstamo en sala 0010718PDaPDbPDcHDd2011-02-25iLF1l0oxxx C824mp25974-10r2020-06-25w2020-06-25yLFPDZNo se presta 0010718PDaPDbPDcCTd2011-02-25iLF1l0oxxx C824mp25974-20r2020-06-25te. 2w2020-06-25yLFPDZNo se presta c25466d25466